Sobre la educación religiosa / (Record no. 127676)

MARC details
000 -LEADER
campo de control de longitud fija 00782nam a2200241 i 4500
001 - NÚMERO DE CONTROL
campo de control 127676
003 - IDENTIFICADOR DE NÚMERO DE CONTROL
campo de control ES-MaACL
005 - FECHA Y HORA DE LA ÚLTIMA TRANSACCIÓN
campo de control 20250831063038.0
007 - CAMPO FIJO DE DESCRIPCIÓN FÍSICA--INFORMACIÓN GENERAL
campo de control de longitud fija t|
008 - DATOS DE LONGITUD FIJA--INFORMACIÓN GENERAL
campo de control de longitud fija 070214s1956 sp r ||||1| spa d
080 ## - NÚMERO DE LA CLASIFICACIÓN DECIMAL UNIVERSAL
Número de la Clasificación Decimal Universal 371.03:2
100 1# - ENTRADA PRINCIPAL--NOMBRE DE PERSONA
Nombre de persona Rimaud, Jean.
9 (RLIN) 97234
245 10 - MENCIÓN DEL TÍTULO
Título Sobre la educación religiosa /
Mención de responsabilidad, etc. Jean Rimaud ; traducción del francés por Constantino Ruiz-Garrido.
260 ## - PUBLICACIÓN, DISTRIBUCIÓN, ETC.
Lugar de publicación, distribución, etc. Madrid :
Nombre del editor, distribuidor, etc. Fax,
Fecha de publicación, distribución, etc. 1956.
300 ## - DESCRIPCIÓN FÍSICA
Extensión 262 p. ;
Dimensiones 20 cm.
490 1# - MENCIÓN DE SERIE
Mención de serie Biblioteca de filosofía y pedagogía (Fax)
RLIN 183687
650 #7 - PUNTO DE ACCESO ADICIONAL DE MATERIA--TÉRMINO DE MATERIA
Término de materia o nombre geográfico como elemento de entrada Educación religiosa
Fuente del encabezamiento o término embne
9 (RLIN) 12119
700 1# - ENTRADA AGREGADA--NOMBRE PERSONAL
Nombre de persona Ruiz-Garrido, Constantino.
9 (RLIN) 100816
830 #0 - PUNTO DE ACCESO ADICIONAL DE SERIE-TÍTULO UNIFORME
Título uniforme Biblioteca de filosofía y pedagogía (Fax)
9 (RLIN) 183687
852 4# - LOCALIZACIÓN
Ubicación ES-MaACL
Número de control de estantería C-11799
942 ## - ELEMENTOS DE ENTRADA SECUNDARIOS (KOHA)
Fuente del sistema de clasificación o colocación Clasificación decimal universal
Holdings
Estatus retirado Estado de pérdida Estado de daño No para préstamo Biblioteca de origen Biblioteca actual Ubicación en estantería Fecha de adquisición Fuente de adquisición Total de préstamos Signatura topográfica completa Código de barras Visto por última vez Precio de reemplazo Tipo de ítem Koha
        Biblioteca del Ateneo de Madrid Biblioteca del Ateneo de Madrid Sala Palomar 17/01/2008     C-11799 1132982 23/02/2023 23/02/2023 Libro impreso